000 00610nam a2200181 a 4500
001 000584736
003 AM-YeHGA
005 20250617163006.0
008 080609s1959 ai | |||||||||||||rus|d
040 _aAM-YeHGA
041 0 _arus
100 1 _aМухин, Александр Николаевич
245 1 0 _aО преодолений религиозных пережитков в сознании людей /
_cА.Н. Мухин.
260 _aВладимир :
_bВладимирское кн. изд-во,
_c1959.
300 _a39 с. ;
_c20 см.
650 1 4 _aРелигия
090 _c502478
999 _c499071
_d499071